000 00517nam a2200181Ia 4500
005 20250508154732.0
008 008 250505s9999 xx 000 0 hin d
037 _aBooks to be hide in OPAC
040 _aFEDL
_beng
_cFEDL
041 _ahin
_2eng
084 _a491.433, MAN/O
_qFEDL
100 _aVerma Ramchandra
245 0 _aManak hindi kosh (Vol. 4)
260 _aPrayag, India
_bHindi Sahitiya Sammelan
_c1965
300 _a606p.
942 _cHB
_h491.433, MAN/O
999 _c1351871
_d1351871